Yayoi Kusama. (Record no. 1051)

MARC details
000 -LEADER
campo de control de longitud fija 01566cam a22003735a 4500
001 - NÚMERO DE CONTROL
campo de control 12499803
005 - FECHA Y HORA DE LA ÚLTIMA TRANSACCIÓN
campo de control 20220326193356.0
008 - DATOS DE LONGITUD FIJA--INFORMACIÓN GENERAL
campo de control de longitud fija 010427s2001 fr a bc 000 0 fre d
010 ## - NÚMERO DE CONTROL DE LA BIBLIOTECA DEL CONGRESO
Número de control de LC 2001438260
020 ## - NÚMERO INTERNACIONAL ESTÁNDAR DEL LIBRO
Número Internacional Estándar del Libro 2913387039
035 ## - NÚMERO DE CONTROL DEL SISTEMA
Número de control de sistema (CMalG) (Voyager)575658
035 ## - NÚMERO DE CONTROL DEL SISTEMA
Número de control de sistema (CStRLIN)CJPA2575658-B
040 ## - FUENTE DE CATALOGACIÓN
Centro catalogador/agencia de origen NNWhit
Centro/agencia transcriptor NNWhit
Centro/agencia modificador CMalG
-- DLC
042 ## - CÓDIGO DE AUTENTICACIÓN
Código de autenticación lccopycat
043 ## - CÓDIGO DE ÁREA GEOGRÁFICA
Código de área geográfica n-us---
082 ## - NÚMERO DE LA CLASIFICACIÓN DECIMAL DEWEY
Número de clasificación 708
Número de ítem K971k
100 1# - ENTRADA PRINCIPAL--NOMBRE DE PERSONA
Nombre de persona Kusama, Yayoi.
9 (RLIN) 5504
245 10 - MENCIÓN DEL TÍTULO
Título Yayoi Kusama.
Mención de responsabilidad, etc. Xavier Douroux, Franck Gautherot, Seung-duk Kim, Pascal Pique and Eric Troncy
260 ## - PUBLICACIÓN, DISTRIBUCIÓN, ETC.
Lugar de publicación, distribución, etc. [Dijon] :
Nombre del editor, distribuidor, etc. Presses du réel :
-- Janvier,
Fecha de publicación, distribución, etc. c2001.
300 ## - DESCRIPCIÓN FÍSICA
Extensión 287 p. :
Otras características físicas ill. (chiefly col.) ;
Dimensiones 27 cm.
500 ## - NOTA GENERAL
Nota general Catalog of an exhibition at the Consortium, contemporary art center, Dijon, Nov. 2000-Jan. 2001 and at six other European and Asian venues through winter 2002.
505 ## - NOTA DE CONTENIDO CON FORMATO
Título Catalog of an exhibition at the Consortium, contemporary art center, Dijon, Nov. 2000-Jan. 2001 and at six other European and Asian venues through winter 2002.
600 10 - PUNTO DE ACCESO ADICIONAL DE MATERIA--NOMBRE DE PERSONA
Nombre de persona Kusama, Yayoi
Subdivisión de forma Exhibitions.
9 (RLIN) 5505
650 #0 - PUNTO DE ACCESO ADICIONAL DE MATERIA--TÉRMINO DE MATERIA
Término de materia o nombre geográfico como elemento de entrada Performance art
Subdivisión geográfica United States
Subdivisión general History
Subdivisión cronológica 20th century.
9 (RLIN) 5508
700 ## - ENTRADA AGREGADA--NOMBRE PERSONAL
Nombre de persona Yayoi Kusama.
9 (RLIN) 5509
700 ## - ENTRADA AGREGADA--NOMBRE PERSONAL
Nombre de persona Xavier Douroux
9 (RLIN) 5510
700 ## - ENTRADA AGREGADA--NOMBRE PERSONAL
Nombre de persona Franck Gautherot
9 (RLIN) 5511
700 ## - ENTRADA AGREGADA--NOMBRE PERSONAL
Nombre de persona Seung-duk Kim
9 (RLIN) 5512
700 ## - ENTRADA AGREGADA--NOMBRE PERSONAL
Nombre de persona Pascal Pique
9 (RLIN) 5513
700 ## - ENTRADA AGREGADA--NOMBRE PERSONAL
Nombre de persona Eric Troncy
9 (RLIN) 5514
710 2# - ENTRADA AGREGADA--NOMBRE DE ENTIDAD CORPORATIVA
Nombre de entidad corporativa o nombre de jurisdicción como elemento de entrada Consortium (Art center : Dijon, France)
9 (RLIN) 5515
906 ## - ELEMENTOS DE DATOS F LOCAL, LDF (RLIN)
a 0
b ibc
c copycat
d 3
e ncip
f 20
g y-gencatlg
Holdings
Estatus retirado Estado de pérdida Fuente del sistema de clasificación o colocación Estado de daño No para préstamo Biblioteca de origen Biblioteca actual Ubicación en estantería Fecha de adquisición Total de préstamos Signatura topográfica completa Código de barras Visto por última vez Precio de reemplazo Tipo de ítem Koha
    Clasificación Decimal Dewey     Biblioteca LadoV Biblioteca LadoV   23/09/2016   708 K971k 000898 23/09/2016 23/09/2016 Material 01